| 000 | 00801nas a2200253 4500 | ||
|---|---|---|---|
| 001 | BR2015001067 | ||
| 003 | BR-BrBNA | ||
| 005 | 20231205125035.0 | ||
| 007 | ta | ||
| 008 | 230509b bl.|||p| |||| 00| 00por d | ||
| 040 |
_aBR-BrBNA _bpor _cBiblioteca Nacional de Agricultura |
||
| 041 | _a(En) | ||
| 072 | _aF30 | ||
| 100 | 1 | _aGuerra, D. | |
| 100 | 1 | _aPacheco, M.T. | |
| 100 | 1 | _aFederizzi, L.C. | |
| 245 | 1 | _aAnalysis of self-fertilization and meiotic behavior of eleven Brazilian triticale cultivars at two sowing dates | |
| 650 | _aTRITICALE | ||
| 650 | _aMEIOSE | ||
| 650 | _aVARIEDADE | ||
| 773 | 0 |
_tCrop Breeding and Applied Biotechnology (Brazil) _xISSN 1518-7853 _g(June 2011), v. 11(2) p. 114-124 _wBR2015001067 |
|
| 909 |
_a202311 _bLúcia _c55 _dLúcia Elande |
||
| 942 |
_2AGRIS _n0 _cANA |
||
| 999 |
_c242288 _d242288 |
||